| 000 | 01184nam a2200313Ia 4500 | ||
|---|---|---|---|
| 003 | OSt | ||
| 005 | 20221006155038.0 | ||
| 006 | a|||||r|||| 00| 0 | ||
| 007 | ta | ||
| 008 | 221006b |||||||| |||| 00| 0 eng d | ||
| 020 |
_a9780804754088 _c1301.00 (each) |
||
| 024 | _a40,185 | ||
| 037 |
_b292/2011-12, 29/03/2012, Pioneer Book Distributors _cTextual |
||
| 040 |
_aEASL _cEASL _beng |
||
| 041 |
_2eng _aeng |
||
| 082 | _aW94.495, P6 | ||
| 100 |
_aShin Gi-Wook _9668195 |
||
| 245 | 0 |
_aEthnic nationalism in Korea _b Genealogy, politics, and legacy (Studies of the Walter H. Shorenstein Asia-Pacific Research Center) |
|
| 260 |
_aStanford _bStanford University Press _c2006 |
||
| 300 |
_axiv,308p. _ccm. |
||
| 490 |
_v KEL _aShorenstein Asia-Pacific Research Center Series |
||
| 650 |
_a Ethnicity - Political aspects - Korea - South _9668196 |
||
| 650 | _a KEL | ||
| 650 |
_a Korea - South - Civilization _9650219 |
||
| 650 |
_a National characteristics Korean _9668197 |
||
| 650 |
_aNationalism - Korea - South _9668198 |
||
| 942 |
_hW94.495, P6 _cTEXL _2CC |
||
| 999 |
_c1108271 _d1108271 |
||